Religion in Iceland - Statistics

General Stats
  • This quiz has been taken 44 times
  • The average score is 4 of 13
Answer Stats
Percentage Religion % Correct
0.35% Islam
89%
63.47% Church of Iceland (Lutheran)
74%
0.42% Buddhism
60%
7.17% No Religion
46%
4.02% Catholic Church
37%
14.30% Unknown
31%
0.96% Humanism
11%
0.33% Zuism
6%
1.31% Ásatrúarfélagið
3%
0.89% Independent Lutheran Congregation
3%
1.98% Free Lutheran Church in Hafnarfjörður
0%
2.75% Free Lutheran Church in Reykjavik
0%
2.05% Other Christian Denominations
0%
No matching quizzes found
Score Distribution
Percent of People with Each Score
Percentile by Number Answered
Your Score History
You have not taken this quiz